<?xml version="1.0" encoding="UTF-8"?>
<record
    xmlns:xsi="http://www.w3.org/2001/XMLSchema-instance"
    xsi:schemaLocation="http://www.loc.gov/MARC21/slim http://www.loc.gov/standards/marcxml/schema/MARC21slim.xsd"
    xmlns="http://www.loc.gov/MARC21/slim">

  <leader>00802nam a22002777a 4500</leader>
  <controlfield tag="005">20260430144645.0</controlfield>
  <controlfield tag="008">260424b        |||||||| |||| 00| 0 eng d</controlfield>
  <datafield tag="020" ind1=" " ind2=" ">
    <subfield code="a">9789391211363</subfield>
  </datafield>
  <datafield tag="040" ind1=" " ind2=" ">
    <subfield code="c">AL</subfield>
  </datafield>
  <datafield tag="041" ind1=" " ind2=" ">
    <subfield code="a">English</subfield>
  </datafield>
  <datafield tag="082" ind1=" " ind2=" ">
    <subfield code="a">346.086</subfield>
    <subfield code="b">SRIP</subfield>
  </datafield>
  <datafield tag="100" ind1=" " ind2=" ">
    <subfield code="a">M N Srinivasan</subfield>
    <subfield code="9">263161</subfield>
  </datafield>
  <datafield tag="245" ind1=" " ind2=" ">
    <subfield code="a">Principles of insurance law Vol 1</subfield>
  </datafield>
  <datafield tag="250" ind1=" " ind2=" ">
    <subfield code="a">11.</subfield>
  </datafield>
  <datafield tag="260" ind1=" " ind2=" ">
    <subfield code="a">Haryana</subfield>
    <subfield code="b">LexisNexis</subfield>
    <subfield code="c">2021</subfield>
  </datafield>
  <datafield tag="300" ind1=" " ind2=" ">
    <subfield code="a">cxxxi,669p.</subfield>
    <subfield code="b">HB</subfield>
    <subfield code="c">25x16cm.</subfield>
  </datafield>
  <datafield tag="365" ind1=" " ind2=" ">
    <subfield code="a">1368</subfield>
    <subfield code="b">&#x20B9;1423.125</subfield>
    <subfield code="c">&#x20B9;</subfield>
    <subfield code="d">&#x20B9;3795.00</subfield>
    <subfield code="e">25%</subfield>
    <subfield code="f">21-03-2026</subfield>
  </datafield>
  <datafield tag="440" ind1=" " ind2=" ">
    <subfield code="a">Volume 1</subfield>
    <subfield code="9">262701</subfield>
  </datafield>
  <datafield tag="650" ind1=" " ind2=" ">
    <subfield code="a">Law</subfield>
    <subfield code="9">262706</subfield>
  </datafield>
  <datafield tag="650" ind1=" " ind2=" ">
    <subfield code="a">Insurance Law</subfield>
    <subfield code="9">262707</subfield>
  </datafield>
  <datafield tag="650" ind1=" " ind2=" ">
    <subfield code="a">Corporate  Banking Commercial Law</subfield>
    <subfield code="9">262708</subfield>
  </datafield>
  <datafield tag="700" ind1=" " ind2=" ">
    <subfield code="a">Kannan, K</subfield>
    <subfield code="9">262702</subfield>
  </datafield>
  <datafield tag="700" ind1=" " ind2=" ">
    <subfield code="a">Vijayaraghavan ,N</subfield>
    <subfield code="9">262703</subfield>
  </datafield>
  <datafield tag="700" ind1=" " ind2=" ">
    <subfield code="a">Chandran, Sharath</subfield>
    <subfield code="9">262704</subfield>
  </datafield>
  <datafield tag="942" ind1=" " ind2=" ">
    <subfield code="2">ddc</subfield>
    <subfield code="c">BK</subfield>
  </datafield>
  <datafield tag="999" ind1=" " ind2=" ">
    <subfield code="c">241356</subfield>
    <subfield code="d">241356</subfield>
  </datafield>
  <datafield tag="952" ind1=" " ind2=" ">
    <subfield code="0">0</subfield>
    <subfield code="1">0</subfield>
    <subfield code="2">ddc</subfield>
    <subfield code="4">0</subfield>
    <subfield code="7">0</subfield>
    <subfield code="8">Law</subfield>
    <subfield code="a">LL</subfield>
    <subfield code="b">LL</subfield>
    <subfield code="d">2026-04-23</subfield>
    <subfield code="e">MPP House Bengaluru -560009</subfield>
    <subfield code="g">1423.13</subfield>
    <subfield code="l">0</subfield>
    <subfield code="o">346.086 SRIP</subfield>
    <subfield code="p">LL002727</subfield>
    <subfield code="r">2026-04-24 16:57:53</subfield>
    <subfield code="v">3795.00</subfield>
    <subfield code="w">2026-03-21</subfield>
    <subfield code="y">BK</subfield>
  </datafield>
  <datafield tag="952" ind1=" " ind2=" ">
    <subfield code="0">0</subfield>
    <subfield code="1">0</subfield>
    <subfield code="2">ddc</subfield>
    <subfield code="4">0</subfield>
    <subfield code="7">0</subfield>
    <subfield code="8">Law</subfield>
    <subfield code="a">LL</subfield>
    <subfield code="b">LL</subfield>
    <subfield code="d">2026-04-23</subfield>
    <subfield code="e">MPP House Bengaluru -560009</subfield>
    <subfield code="g">1423.13</subfield>
    <subfield code="l">0</subfield>
    <subfield code="o">346.086 SRIP</subfield>
    <subfield code="p">LL002729</subfield>
    <subfield code="r">2026-04-24 16:57:53</subfield>
    <subfield code="v">3795.00</subfield>
    <subfield code="w">2026-03-21</subfield>
    <subfield code="y">BK</subfield>
  </datafield>
  <datafield tag="952" ind1=" " ind2=" ">
    <subfield code="0">0</subfield>
    <subfield code="1">0</subfield>
    <subfield code="2">ddc</subfield>
    <subfield code="4">0</subfield>
    <subfield code="7">0</subfield>
    <subfield code="8">Law</subfield>
    <subfield code="a">LL</subfield>
    <subfield code="b">LL</subfield>
    <subfield code="d">2026-04-23</subfield>
    <subfield code="e">MPP House Bengaluru -560009</subfield>
    <subfield code="g">1423.13</subfield>
    <subfield code="l">0</subfield>
    <subfield code="o">346.086 SRIP</subfield>
    <subfield code="p">LL002731</subfield>
    <subfield code="r">2026-04-30 15:32:18</subfield>
    <subfield code="v">3795.00</subfield>
    <subfield code="w">2026-03-21</subfield>
    <subfield code="y">BK</subfield>
  </datafield>
</record>
